| 000 | 00543cam8a220019300 4500 | ||
|---|---|---|---|
| 001 | tmp15528699 | ||
| 003 | UPRA | ||
| 005 | 20190816092022.0 | ||
| 008 | 950906s1923 fr fre u | ||
| 035 | _a(Sirsi) r124322 | ||
| 035 | _a(UPRA)tmp15528699 | ||
| 040 | _cUPRA | ||
| 100 | 1 |
_aSupervielle, Jules, 1884-1960. _dSupervielle, Jules, 1884-1960. _6A44343.1 |
|
| 245 | 1 | 2 | _aL'homme de la pampa. |
| 250 | _a12 eme ed. | ||
| 260 |
_aParis : _bGallimard, _c[1923] |
||
| 949 |
_aPQ2637.U6 _wlcc _i-178570 _mMAIN _tBOOK _lON-SHELF |
||
| 004 | 124322 | ||
| 999 |
_c81884 _d81884 |
||